| 000 | 00827nam a22002295i 4500 | ||
|---|---|---|---|
| 001 | 176483 | ||
| 003 | ES-MaACL | ||
| 005 | 20230906220110.0 | ||
| 008 | 110118s19812010sp a |||| | spa d | ||
| 020 | _a978-84-612-8064-3 (T. I) | ||
| 020 | _a978-84-614-2342-2 (T. II) | ||
| 080 | _a821.134.2-32"19" | ||
| 080 | _a821.134.2-14"19" | ||
| 100 | 1 |
_aNavarro Zamorano, Salvador. _985196 |
|
| 245 | 1 | 0 |
_aNueva narrativa / _cSalvador Navarro Zamorano, Quintín García Muñoz, Isabel Navarro Reynés. |
| 260 |
_aBunyola (Mallorca) : _bSalvador Navarro Zamorano, _c1981-2010. |
||
| 300 |
_a2 v. : _bil. bl. y n. ; _c21 cm. |
||
| 500 | _aTít. y menciones de responsabilidad tomados de la cub. | ||
| 700 | 1 |
_aGarcía Muñoz, Quintín. _9144070 |
|
| 700 | 1 |
_aNavarro Reynés, Isabel. _9143821 |
|
| 852 |
_aES-MaACL _jE-14086-87 |
||
| 999 |
_c176483 _d176483 |
||